Fenomen manipuljacii v političeskom diskurse
Verbálna manipulácia je jedným z najefektívnejších spôsobov manipulácie. Jazyk s jeho manipulatívnymi možnosťami je dôležitým nástrojom pôsobenia na spoločenské vedomie. Jazyková alebo verbálna manipulácia je založená na takých psychologických a psycholingvistických mechanizmoch, pod ktorých vplyvom...
Saved in:
| Main Author: | |
|---|---|
| Other Authors: | |
| Format: | Book Chapter |
| Language: | Russian |
| Subjects: | |
| Tags: |
No Tags, Be the first to tag this record!
|
MARC
| LEADER | 00000nla a2200000 4500 | ||
|---|---|---|---|
| 001 | 0247793 | ||
| 005 | 20240502083701.7 | ||
| 041 | 0 | |a rus | |
| 044 | |a RU | ||
| 245 | 1 | 0 | |a Fenomen manipuljacii v političeskom diskurse |c Andrea Spišiaková, Tatjana Grigorjanová |
| 520 | |a Verbálna manipulácia je jedným z najefektívnejších spôsobov manipulácie. Jazyk s jeho manipulatívnymi možnosťami je dôležitým nástrojom pôsobenia na spoločenské vedomie. Jazyková alebo verbálna manipulácia je založená na takých psychologických a psycholingvistických mechanizmoch, pod ktorých vplyvom adresát nekriticky prijíma obsah vypovedaného a tým vytvára ilúzie, ktorým verí. Verbálna manipulácia sa najčastejšie vyskytuje v masových médiách, v reklamách a v politických debatách. | ||
| 610 | 2 | 0 | |a komunikácia verbálna |
| 610 | 2 | 0 | |a politika |
| 610 | 2 | 0 | |a médiá |
| 610 | 2 | 0 | |a spoločnosť |
| 100 | 1 | |a Spišiaková, Andrea | |
| 700 | 1 | |a Grigorjanová, Tatjana, 1960- | |